| 000 | 01478cam a2200361 i 4500 | ||
|---|---|---|---|
| 001 | 3979344 | ||
| 003 | EG-ScBUE | ||
| 005 | 20250709101450.0 | ||
| 008 | 950606t1996 nyua f b 001 0 eng d | ||
| 020 | _a0471127396 | ||
| 020 | _a9780471127390 | ||
| 040 |
_aDLC _beng _erda _cDLC _dDLC _dEG-ScBUE |
||
| 082 | 0 | 4 |
_a541.394 _222 _bBIL |
| 100 | 1 |
_aBilling, Gert D., _eauthor. |
|
| 245 | 1 | 0 |
_aIntroduction to molecular dynamics and chemical kinetics / _cGert D. Billing, Department of Chemistry, H. C. Orsted Institute, University of Copenhagen, Kurt V. Mikkelsen, Department of Chemistry, Arhus University. |
| 246 | 3 | 0 | _aMolecular dynamics and chemical kinetics |
| 264 | 1 |
_aNew York : _bJohn Wiley & Sons, _c[1996] |
|
| 264 | 4 | _cc1996 | |
| 300 |
_axii, 183 pages : _billustrations ; _c25 cm |
||
| 336 |
_2rdacontent _atext _btxt |
||
| 337 |
_aunmediated _2rdamedia _bn |
||
| 338 |
_avolume _bnc _2rdacarrier |
||
| 504 | _aIncludes bibliographical references and index. | ||
| 650 | 7 |
_aMolecular dynamics. _2BUEsh |
|
| 650 | 7 |
_aChemical kinetics. _2BUEsh _96220 |
|
| 653 |
_bGGEN _cMarch2018 |
||
| 655 | _vReading book | ||
| 700 | 1 |
_aMikkelsen, Kurt V., _eauthor. |
|
| 856 | 4 | 2 |
_3Contributor biographical information _uhttp://www.loc.gov/catdir/bios/wiley044/95023950.html |
| 856 | 4 | 2 |
_3Publisher description _uhttp://www.loc.gov/catdir/description/wiley037/95023950.html |
| 856 | 4 |
_3Table of Contents _uhttp://www.loc.gov/catdir/toc/onix02/95023950.html |
|
| 942 |
_2ddc _cBB |
||
| 999 |
_c26335 _d26307 |
||